Cargando…

Masters of the Sabar : Wolof Griot Percussionists of Senegal /

Detalles Bibliográficos
Clasificación:Libro Electrónico
Autor principal: Tang, Patricia, 1972-
Formato: Electrónico eBook
Idioma:Inglés
Publicado: Philadelphia, PA : Temple University Press, 2007.
Colección:Book collections on Project MUSE.
Temas:
Acceso en línea:Texto completo

MARC

LEADER 00000cam a22000004a 4500
001 musev2_9547
003 MdBmJHUP
005 20230905041106.0
006 m o d
007 cr||||||||nn|n
008 060619s2007 pau o 00 0 eng d
010 |z  2006020196 
020 |a 9781592134212 
020 |z 9781592134205 
020 |z 9781592134199 
035 |a (OCoLC)166422869 
040 |a MdBmJHUP  |c MdBmJHUP 
043 |a f-sg--- 
050 0 4 |a ML3760  |b .T365 2007 
082 0 |a 786.9/1629632140663  |2 22 
100 1 |a Tang, Patricia,  |d 1972- 
245 1 0 |a Masters of the Sabar :   |b Wolof Griot Percussionists of Senegal /   |c Patricia Tang. 
264 1 |a Philadelphia, PA :  |b Temple University Press,  |c 2007. 
264 3 |a Baltimore, Md. :  |b Project MUSE,   |c 2012 
264 4 |c ©2007. 
300 |a 1 online resource (224 pages):   |b ill., maps, music ; 
336 |a text  |b txt  |2 rdacontent 
337 |a computer  |b c  |2 rdamedia 
338 |a online resource  |b cr  |2 rdacarrier 
490 0 |a African soundscapes 
504 |a Includes bibliographical references (p. [183]-197), discography (p. [199]-200), and index. 
505 0 |a You will be griot in another way : the ethnomusicologist's story -- There once was a king called Maysa Waaly Jon : sabar history, instruments, ensemble and sound -- The griot lineage, we are one : Wolof caste and identity -- My foreparents used to beat the drums : Wolof family, kinship, and musical genealogy -- If a snake bites you, you will think of death : sabar repertories -- Dancing fish and rice : performance contexts -- The pax you play is so sweet : the role of sabar in mbalax. 
588 |a Description based on print version record. 
650 0 |a Griots  |z Senegal. 
650 0 |a Music  |x Social aspects  |z Senegal. 
650 0 |a Percussion ensembles  |z Senegal  |x History and criticism. 
650 0 |a Wolof (African people)  |z Senegal  |x Social life and customs. 
650 0 |a Wolof (African people)  |z Senegal  |x Music  |x History and criticism. 
655 7 |a Electronic books.   |2 local 
710 2 |a Project Muse.  |e distributor 
830 0 |a Book collections on Project MUSE. 
856 4 0 |z Texto completo  |u https://projectmuse.uam.elogim.com/book/9547/ 
945 |a Project MUSE - Custom Collection 
945 |a Project MUSE - Archive Complete Foundation 
945 |a Project MUSE - Archive Global Cultural Studies Foundation 
945 |a Project MUSE - Archive African Studies Foundation